Collatio bonorum.

Bewaard in:
Bibliografische gegevens
Hoofdauteur: Guarino, Antonio 1914-2014 (Auteur)
Andere auteurs: Giuffrè, Vincenzo (nota di lettura nel centesimo genetliaco dell'autore.), Masi Doria, Carla (a cura)
Formaat: Boek
Taal:Engels
Gepubliceerd in: Napoli, Italia: Jovene, 2014.
Reeks:Antiqva,
Onderwerpen:
Tags: Voeg label toe
Geen labels, Wees de eerste die dit record labelt!

MARC

LEADER 00000nam a22000007a 4500
003 CL-VaPUC
005 20220822114758.0
008 220802t2014 ||||| |||| 00| 0 eng d
999 |c 437833  |d 437831 
020 |a 978-88-243-2304-8 
040 |c Pontificia Universidad Católica de Valparaíso 
082 |2 22  |a 346.37052 BON 2014 
100 |9 873750  |a Guarino, Antonio   |d 1914-2014  |e author 
245 |a Collatio bonorum. 
260 |a Napoli, Italia:   |b Jovene,   |c 2014. 
300 |a xxvi, 330 páginas.  
490 |a Antiqva,   |n  103.  
500 |a c.1 Donación Familia Prof. Alejandro Guzmán Brito. 
583 |c 20220802  |k Yessy Sthefany Diaz Vidal 
650 0 |9 258243  |a Derecho privado  |x Herencia y sucesión   |z Italia antigua  
650 0 |9 255930  |a Derecho romano  |x Herencia y sucesión  
700 |9 874528  |a Giuffrè, Vincenzo   |e nota di lettura nel centesimo genetliaco dell'autore.  
700 |9 578168  |a Masi Doria, Carla  |e a cura  
942 |2 ddc  |c BK  |n 0 
952 |0 0  |1 0  |2 ddc  |4 0  |6 346_370520000000000_BON_2014  |7 1  |8 C_AGB  |9 585664  |a BIBDER  |b BIBDER  |d 2022-08-02  |e Donación   |i 5653588  |o 346.37052 BON 2014  |p 5653588  |r 2023-01-25  |t 1   |w 2022-08-02  |y BK_US  |k AGB